KOHA-Header-6

آئیے نماز ادا کریں (Record no. 13586)

000 -LEADER
fixed length control field 00316nam a22001217a 4500
082 ## - DEWEY DECIMAL CLASSIFICATION NUMBER
Classification number 297.09
100 ## - MAIN ENTRY--AUTHOR NAME
Personal name محمّد صدیق صدیقی
245 ## - TITLE STATEMENT
Title آئیے نماز ادا کریں
260 ## - PUBLICATION, DISTRIBUTION, ETC. (IMPRINT)
Place of publication کراچی
Name of publisher قریشی آرٹ پریس
Year of publication ٢٠٠٥
300 ## - PHYSICAL DESCRIPTION
Number of Pages ١٩٠ صفحات
650 ## - SUBJECT ADDED ENTRY--TOPICAL TERM
Topical Term Namaz
942 ## - ADDED ENTRY ELEMENTS (KOHA)
Koha item type Books
Holdings
Withdrawn status Lost status Collection code Permanent Location Current Location Shelving location Date acquired Full call number Accession Number Koha item type
    Islamic Studies MAJU MAJU Shelf No.A-9 2022-12-16 297.09 10673 Books

Powered by Koha